000 00586nam a22002297a 4500
003 UA-OsUOA
001 97023
007 ta
008 20130325b un ||||| |||| 00| 0 ukr d
100 _aМанов Э.
090 _a821.163.2
_bМ23
942 _cBK
040 _aUA-OsUOA
_brus
_cUA-OsUOA
_dUA-OsUOA
245 _aКручи
_bроман
300 _a255 с.
955 _a3
041 _arus
080 _a821.163.2
260 _aМ.
_bМолодая гвардия
_c1968
650 7 _a82 Література. Літературознавство
_2UDC
999 _c383271
_d383271